[Event "CZE-chT2F 1415"]
[Site "Czech Republic"]
[Date "2015.03.29"]
[Round "10.38"]
[White "Doubek, Tomas"]
[Black "Spurny, Ladislav"]
[Result "0-1"]
[WhiteElo "1964"]
[BlackElo "1674"]
[PlyCount "52"]
[EventDate "2014.11.02"]
[EventType "team-tourn"]
[EventRounds "11"]
[EventCountry "CZE"]
[SourceTitle "EXT 2022"]
[Source "ChessBase"]
[SourceDate "2021.10.06"]
[SourceVersion "1"]
[SourceVersionDate "2021.10.06"]
[SourceQuality "1"]
[WhiteTeam "Grygov II"]
[BlackTeam "Litovel Tatran II"]
[WhiteTeamCountry "CZE"]
[BlackTeamCountry "CZE"]

1. e4 d5 2. exd5 Qxd5 3. Nc3 Qa5 4. d4 c6 5. Bc4 Nf6 6. Bf4 Bf5 7. Nf3 e6 8. 0-0 Be7 9. Re1 Qd8 10. h3 0-0 11. Qe2 Nd5 12. Nxd5 cxd5 13. Bb3 Nc6 14. c3 a6 15. Ne5 Nxe5 16. Bxe5 Bd6 17. Bc2 Bxc2 18. Qxc2 Bxe5 19. Rxe5 Rc8 20. Rae1 b5 21. Qe2 Qe7 22. Rxd5 Qc7 23. Rc5 Qd7 24. Rg5 Qd6 25. Qg4 g6 26. h4 b4 0-1